MDQL
is popping MORE tags! Check the
thread
!
Quizzes
Events
Quiz Creation
Community
Videos
Private Events
Remove Ads
Sign In
Join for FREE
Feedback
Dark Mode
Quiz Categories
Sports
Geography
Music
Movies
Television
Just For Fun
Miscellaneous
History
Literature
Language
Science
Gaming
Entertainment
Religion
Holiday
For Kids
Quiz Lab
Recent
Popular Today
Quiz Kudos Today
Editor Picks
Curator Picks
Quizzes by...
Day
Popularity
Type
Ratings
Length
Year
Community
Subscriptions
Recent Discussions
Orange Saloon
Badges
Playlists
Quests
Create
Leaderboards
Showdown
Live 5
Trivia Bingo
Activity
Puzzle Library
Sporcle Events
Private Events
Virtual Trivia
Globe League
Become a Host
Pub Owners
SporcleCon
Opinionation
Our Games
Videos
Blog
Mobile Apps
Partnerships
Remove Ads and Go Orange
Feedback
Miscellaneous
Crossword
General Knowledge
Baby Names
Logo
Food
Cars
Numbers
Grab Bag
University
College
Popular
Company
Slogans
Restaurants
Justice
Letter
Miscellaneous
Crossword
General Knowledge
Baby Names
Logo
Food
Cars
Numbers
Grab Bag
University
College
Popular
Company
Slogans
Restaurants
Justice
Letter
Random Quiz
Search Sporcle
×
Quiz Lab
Quiz Lab
Miscellaneous
Character
Type in answers that appear in a list
Type in answers that appear in a list
Classic
Best Score? Go Orange.
Names with Double Zs Stats
Can you name the people and characters whose names contain double Zs?
By
jaymc
6m
22 Questions
210 Plays
210 Plays
210 Plays
Comments
Comments
Give Quiz Kudos
Give Quiz Kudos
-
- Ratings
hide this ad
Random Order
Randomize order of answers
Randomize order of answers
Replay
Link that replays current quiz
Next Quiz
Link to next quiz in quiz playlist
You Got
0%
They Got
Avg Score
33%
Avg Friend Score
Upgrade to see
Score Distribution
Jump to the score distribution portion of the page
Score
0/22
Timer
06:00
0
Plays Today
Description
Person or Character
% Correct
The second man to walk on the moon
Buzz Aldrin
79.5%
Original lead singer of Black Sabbath
Ozzy Osbourne
72.9%
The Fresh Prince's musical partner
DJ Jazzy Jeff
61%
Leader of the Pink Ladies in 'Grease'
Betty Rizzo
54.8%
Muppet of 'wokka wokka wokka' fame
Fozzie Bear
54.3%
U.S. secretary of state, 2005-
09
Condoleezza Rice
51.4%
Infamous New England axe murderer
Lizzie Borden
41.9%
MLB player who holds the record for most HRs by a catcher
Mike Piazza
39.5%
Cross-
dressing British comedian
Eddie Izzard
36.2%
Bebop trumpeter known for his enormous cheeks
Dizzy Gillespie
34.8%
Famed mountain man and bear handler (and the inspiration for a 1970s movie/
TV character)
James 'Grizzly' Adams
34.8%
Description
Person or Character
% Correct
Babylonian ruler who conquered Jerusalem and built the Hanging Gardens
Nebuchadnezzar II
27.1%
Hall of Fame shortstop and The Money Store spokesman
Phil Rizzuto
25.7%
Katherine Heigl's 'Grey's Anatomy' role
Izzie Stevens
21.4%
Winner of the 1984 U.S. Open of golf
Fuzzy Zoeller
21.4%
Malcolm X's widow
Betty Shabazz
18.1%
'Laugh-
In' star, known for her Gladys Ormphby character
Ruth Buzzi
14.8%
Title character in a Charles Dickens novel
Martin Chuzzlewit
14.8%
Italian-
American actor of 'The Usual Suspects' and 'Bullets Over Broadway'
Chazz Palminteri
13.8%
Former Supreme Court justice (with the nickname he received as a college-
football halfback)
Byron 'Whizzer' White
11.4%
Southpaw country singer of the 1950s-
70s
Lefty Frizzell
5.2%
Actor who appeared in 'Anatomy of a Murder' and several John Cassavetes movies
Ben Gazzara
4.3%
Quiz Playlist
Details
Report
Send in Message
Add To Playlist
Classic:
Type in answers that appear in a list
Random Order:
Randomize order of answers
Last Updated: Feb 16, 2017
Quiz Scoreboard
CHALLENGE
Sign Up to Join the Scoreboard
Show All
Scores
Hide
Comments
May contain spoilers
Recently Published
Colored Red Africa Blitz
by spor1
Geography
30s
Find the 'City' Movie
by crazypaving
Movies
60s
5x2 Blitz: Bands
by SL_Kpop136
Music
30s
More to Explore
Quiz From the Vault
Featured Blog Post
14 Easter Pick-up Lines to Find Eggs With
hide this ad
You Might Also Like...
Tags
Character
description
double
Person
Today's Top Quizzes in Miscellaneous
Browse Miscellaneous
hide this ad
Today's Top Quizzes in Character
Browse Character
Top Contributed Quizzes in Miscellaneous
1
5-to-1: Fast Food
2
The JOE quick-fire general knowledge quiz: Day 174
3
9x9 Crossword: Disney Movie Titles
4
9x9 Crossword: Charlie and the Chocolate Factory
5
9x9 Crossword: Pixar Movie Titles
6
9x9 Crossword: Flags
7
9x9 Crossword: 2022 Movies
8
9x9 Crossword: Nickelodeon
9
9x9 Crossword: Actors
10
9x9 Crossword: Halloween
Explore More
Trending Topics
Crossword
Harry Potter
NBA
Disney
Kpop
Anime
Marvel
WWE
Song
Pokémon
NFL
Soccer
Country
The Office
Puzzle
hide this ad
More By:
jaymc
Quiz
Plays
Rating
Category
Featured
Created
Immigrant Origin by State
207,260
4.71
Geography
Jan 26, 2010
Multiple #1 Songs (2000s)
139,414
4.22
Music
Nov 17, 2009
Cities with Only One Big 4 Team
104,326
4.26
Sports
Aug 29, 2010
Movie Title Duos
94,936
3.89
Movies
Feb 11, 2010
Ends in 'EAU'
77,849
3.94
Language
Oct 9, 2009
Go to Creator's Profile
Score Distribution
Quiz Creator Spotlight
jaymc
Follow
Send a Message
Quizzes Created
-
Created Quiz Play Count
-
More By This Creator
Popular Quizzes Today
1
Colored Red Africa Blitz
2
Find the 'City' Movie
3
Find the US States - No Outlines Minefield
4
5x2 Blitz: Bands
5
The Countries of the World
6
Find the US States
7
US States
8
9x9 Crossword: Cartoon Network
More Miscellaneous Quizzes
Slogan to Candy Match
Published
Trending Quizzes
Colored Red Europe Blitz I
Colored Red Europe Blitz II
Colored Red Africa Blitz II
Colored Red Africa Blitz III
Colored Red Europe Blitz III
Recently Updated
Grab Bag: 4-10 Letters
pecheneg
2024 March Madness Bracket
pecheneg
Famous TV Couples
Peacemaker
Champions League XIs: Real Madrid
pecheneg
Largest US Cities 1790-2010
pecheneg
Rides in Walt Disney World
pecheneg
Most Oscar Losses (Acting)
pecheneg
Beyoncé Albums
pecheneg
Leaping Animals
pecheneg
Reality TV Shows (A-Z)
bhenderson79
Trending Topics
Kpop
Anime
Disney
NBA
Marvel
Harry Potter
Crossword
NFL
WWE
Puzzle
Soccer
Pokémon
Song
Country
The Office
Your Account Isn't Verified!
In order to create a playlist on Sporcle, you need to verify the email address you used during registration. Go to your
Sporcle Settings
to finish the process.
Report this User
Report this user for behavior that violates our
Community Guidelines
.
Details:
Send Report
Go to the Sporcle.com Mobile Site →
Comments